000 00934nam a22003017a 4500
003 CHAP
005 20220329141714.0
008 971013s1919 r 00010 d
010 _a72552
011 _a73524
035 _a83082
040 _cCHAP
082 _a634.907
_bC35
110 _aCanada. Department of Forestry. Forest Products Research Branch
_918195
245 _aAnnual report
260 _aOttawa :
_b(s.e.),
_c19 -1965
300 _av.
_b: ilus.
500 _aLa biblioteca tiene: 1964-65
590 _aBATCH-UPD
_b10
_c20130110
_lUCH01
_h1618
590 _aBATCH-UPD
_b10
_c20130410
_lUCH01
_h1013
590 _aBATCH-UPD
_b10
_c20130914
_lUCH01
_h0719
590 _aCONVERSION
_b10
_c20130109
_lUCH01
_h1340
650 1 4 _aBosques
_xInvestigación.
_914282
650 1 4 _aProductos forestales.
_992059
901 _aBK
942 _cLIBRO
949 _a634.907 C35
_bBC
_cLIBRO
_d-37437
_eLIBRO
_f1964-65
_h23458
_i83082
_mD
_si
999 _c72552
_d72552